[Event "Baghdad op 6th"]
[Site "Baghdad"]
[Date "2018.03.14"]
[Round "1"]
[White "Sadek, Sameh"]
[Black "Satia, Dhari"]
[Result "1-0"]
[WhiteElo "2263"]
[BlackElo "1831"]
[PlyCount "57"]
[EventDate "2018.03.14"]
[EventType "swiss"]
[EventRounds "9"]
[EventCountry "IRQ"]
[SourceTitle "CBM 183 Extra"]
[Source "ChessBase"]
[SourceDate "2018.04.19"]
[SourceVersion "1"]
[SourceVersionDate "2018.04.19"]
[SourceQuality "1"]

1. d4 d5 2. c4 c6 3. Nf3 Nf6 4. e3 e6 5. Nbd2 Nbd7 6. Bd3 dxc4 7. Nxc4 b5 8. Ncd2 Bb7 9. e4 a6 10. a4 Be7 11. 0-0 Qc7 12. e5 Nd5 13. Ne4 h6 14. Re1 c5 15. dxc5 b4 16. Nd6+ Bxd6 17. cxd6 Qc5 18. Bd2 Qa5 19. Nd4 Nc5 20. Nb3 Nxb3 21. Qxb3 Rb8 22. Be4 Kd7 23. Qg3 g5 24. Rec1 Rbc8 25. Qf3 f5 26. Qh5 Rcf8 27. Qg6 fxe4 28. Qg7+ Kd8 29. Qxb7 1-0

[Event "IRQ-ch"]
[Site "Baghdad"]
[Date "2017.08.14"]
[Round "8"]
[White "Satia, Dhari"]
[Black "Mohammed Ali, Madial Kinani"]
[Result "0-1"]
[WhiteElo "1864"]
[BlackElo "2057"]
[PlyCount "40"]
[EventDate "2017.08.10"]
[EventType "swiss"]
[EventRounds "11"]
[EventCountry "IRQ"]
[SourceTitle "CBM 180 Extra"]
[Source "ChessBase"]
[SourceDate "2017.10.06"]
[SourceVersion "1"]
[SourceVersionDate "2017.10.06"]
[SourceQuality "1"]

1. d4 Nf6 2. Nf3 g6 3. Bf4 Bg7 4. Qd2 h6 5. Nc3 g5 6. Bg3 Nh5 7. 0-0-0 Nxg3 8. hxg3 d5 9. e3 Bg4 10. Be2 e6 11. Ne5 Bxe2 12. Qxe2 c6 13. f4 Nd7 14. Rdf1 Qe7 15. e4 0-0-0 16. Rf3 Nb6 17. Rd1 g4 18. Re3 Bxe5 19. fxe5 Nc4 20. Red3 Qb4 0-1

[Event "IRQ-ch"]
[Site "Baghdad"]
[Date "2017.08.11"]
[Round "3"]
[White "Satia, Dhari"]
[Black "Noori, Sabah Nori"]
[Result "0-1"]
[WhiteElo "1864"]
[BlackElo "2077"]
[PlyCount "81"]
[EventDate "2017.08.10"]
[EventType "swiss"]
[EventRounds "11"]
[EventCountry "IRQ"]
[SourceTitle "CBM 180 Extra"]
[Source "ChessBase"]
[SourceDate "2017.10.06"]
[SourceVersion "1"]
[SourceVersionDate "2017.10.06"]
[SourceQuality "1"]

1. g3 d5 2. f4 Nf6 3. Nf3 c5 4. Bg2 Nc6 5. 0-0 Bf5 6. d3 e6 7. c3 Qb6 8. Qb3 c4+ 9. Qxb6 axb6 10. d4 Bxb1 11. Rxb1 Rxa2 12. h3 Be7 13. Nd2 0-0 14. e4 b5 15. exd5 Nxd5 16. Nf3 b4 17. Bd2 b3 18. Rfe1 Bf6 19. Nh2 Nxd4 20. Ng4 Nc2 21. Re2 b5 22. f5 Rd8 23. fxe6 fxe6 24. Rxe6 h5 25. Nxf6+ Nxf6 26. Bg5 b4 27. cxb4 Nxb4 28. Bf1 Nd3 29. Rc6 Rxb2 30. Rxb2 Nxb2 31. Rxc4 Nxc4 32. Bxc4+ Kf8 33. Bxb3 Rd3 34. Bxf6 Rxg3+ 35. Kh2 Rxb3 36. Bg5 Kf7 37. h4 Kg6 38. Kg2 Kf5 39. Kf2 Kg4 40. Ke2 Rh3 41. Ke1 0-1

[Event "Baghdad op 4th"]
[Site "Baghdad"]
[Date "2016.03.20"]
[Round "1"]
[White "Ali, Akram"]
[Black "Satia, Dhari"]
[Result "1-0"]
[WhiteElo "2279"]
[BlackElo "1935"]
[PlyCount "40"]
[EventDate "2016.03.20"]
[EventType "swiss"]
[EventRounds "9"]
[EventCountry "IRQ"]
[SourceTitle "EXT 2017"]
[Source "ChessBase"]
[SourceDate "2016.10.25"]
[SourceVersion "1"]
[SourceVersionDate "2016.10.25"]
[SourceQuality "1"]

1. e4 c5 2. Nf3 d6 3. d4 cxd4 4. Nxd4 Nf6 5. Nc3 g6 6. Be3 Bg7 7. f3 0-0 8. Bc4 Nc6 9. Qd2 Bd7 10. 0-0-0 Rc8 11. Bb3 Ne5 12. h4 h5 13. g4 hxg4 14. h5 Nxh5 15. Bh6 Rxc3 16. Rxh5 Rc5 17. Bxg7 Nxf3 18. Rh8+ Kxg7 19. Qh6+ Kf6 20. Rxf8 Qxf8 1-0